Name a Valid Rolling Stones Song A-Z - Statistics

General Stats
  • This quiz has been taken 46 times
  • The average score is 11 of 21
Answer Stats
letter # song % Correct
S 26 Sad Day | Sad Sad Sad | Saint of Me | Satisfaction | Satisfaction Skank | Scarlet | Sex Drive | Shattered | She Said Yeah | She was Hot | She's a Rainbow | She's so Cold | Silver Train | Sparks Will Fly | Star Star | Start Me Up | Steet Fighting Man | Streets of Love | Stoned | Stupid Girl | Sway | Sweet Black Angel | Sweet Sounds of Heaven | Sympathy for the Devil | The Singer Not the Song | The Spider and the Fly
90%
A 7 Angie | Ain't too Proud to Beg | All Down the Line | Almost Hear You Sigh | Angry | Anybody Seen My Baby? | As Tears Go By
86%
B 3 Beast of Burden | Brown Sugar | Biggest Mistake
76%
J 2 Jumpin' Jack Flash | Just Your Fool
76%
G 6 Get Close | Get off of My Cloud | Gimme Shelter | Going to a Go-Go | Good Times, Bad Times | Gotta Get Away
71%
P 5 Paint it Black | Play with Fire | Plundered My Soul | Poison Ivy | Prodigal Son
71%
W 8 Waiting on a Friend | We Love You | What a Shame | Wild Horses | Winning Ugly | Walking the Dog | When the Whip Comes Down | Who's Driving Your Plane?
64%
H 10 Hang Fire | Harlem Shuffle | Happy | Hate to See You Go | Hot Stuff | Highwire | Honky Tonk Women | Heart of Stone | Heartbreaker | Have you seen your Mother, Baby, Standing in the Shadow
57%
T 12 Terrifying | The Last Time | Tumbling Dice | Think I'm Going Mad | Time is on My Side | Too Much Blood | Too Tough | Troubles a Comin' | 2000 Light Years from Home | Tell Me | The Lantern | Through the Lonely Nights
57%
L 12 Lady Jane | Let it Rock | Let's Spend the Night Together | Like a Rolling Stone | Little Queenie | Little Red Rooster | Little by Little | Little T&A | Live with Me | Living in a Ghost Town | Long, Long While | Love is Strong
55%
U 3 Under the Boardwalk | Under My Thumb | Undercover of the Night | The Under Assistant West Coast Promotion Man
55%
M 5 Memory Motel | Mess it Up | Miss You | Mixed Emotions | Mother's Little Helper
52%
Y 3 You Better Move On | You Can't Always Get What You Want | You Got Me Rocking
52%
R 8 Rain Fall Down | Respectable | Ride 'Em on Down | Rock and a Hard Place | Rocks Off | Rough Justice | Route 66 | Ruby Tuesday
43%
I 11 I Don't Know Why | I Go Wild | I Just Wanna Make Love to You | I Wanna be your Man | If I Was a Dancer | I'm Free | I'm Moving On | In Another Land | It's All Over Now | It's Only Rock 'n Roll | (I Can't get No) Satisfaction
36%
N 4 No Expectations | No Spare Parts | Not Fade Away | 19th Nervous Breakdown
33%
F 4 Far Away Eyes | Fool to Cry | Fortune Teller | Flip the Switch
31%
D 7 Doo Doo Doo Doo Doo | Dance Little Sister | Dandelion | Dancing with Mr. D | Depending On You | Don't Stop | Doom and Gloom
26%
E 2 Emotional Rescue | Everything is Turning to Gold
24%
C 4 Come On | Carol | Congratulations | Crazy Mama
19%
O 7 Off the Hook | Oh, No, Not You Again | One Hit | One More Shot | Out of Control | Out of Tears | Out of Time
19%
No matching quizzes found
Score Distribution
Percent of People with Each Score
Percentile by Number Answered
Your Score History
You have not taken this quiz